00161nam a22000737a 4500003000400000245004400004260003100048300000800079SGT aJournal of Clinical Pediatric Dentistry bTurpin Distribution c2021 a445